Trends in agriculture and soil pollution research / (Record no. 796)
[ view plain ]
| 000 -LEADER | |
|---|---|
| fixed length control field | 00457cam a22001454a 4500 |
| 020 ## - ISBN | |
| International Standard Book Number | 1594543259 |
| 050 00 - LIBRARY OF CONGRESS CALL NUMBER | |
| Classification Number | TD878 |
| Item Number | .T75 2005 |
| 245 00 - TITLE | |
| Title | Trends in agriculture and soil pollution research / |
| Statement of responsibility, etc | James V. Livingston, (editor). |
| 260 ## - PUBLICATION, DISTRIBUTION, ETC.(IMPRINT) | |
| Place of publication, distribution, etc | New York : |
| Name of publisher, distributor, etc | Nova Science, |
| Date of publication, distribution, etc | c2005. |
| 300 ## - PHYSICAL DESCRIPTION | |
| Extent | vi, 236 p. : |
| 650 #0 - SUBJECT--TOPIC | |
| General subdivision | Environmental aspects. |
| 700 1# - ADDED ENTRY--PERSONAL AUTHOR | |
| Personal Name | Livingston, James V. |
| 856 41 - URL/ELECTRONIC LOCATION AND ACCESS | |
| Uniform Resource Identifier | <a href="http://www.loc.gov/catdir/toc/ecip0512/2005011308.html">http://www.loc.gov/catdir/toc/ecip0512/2005011308.html</a> |
| 942 ## - ADDED ENTRY ELEMENTS(KOHA) | |
| Koha item type | General circulation |
| Source of classification or shelving scheme | Not for loan | Location (home branch) | Sublocation (holding branch) | Date accessioned | Cost, normal purchase price | Full call number | Barcode | Cost, replacement price | Koha item type | Public note |
|---|---|---|---|---|---|---|---|---|---|---|
| Library of Congress Classification | Main Campus Library | Main Campus Library | 13/08/2014 | 11745.00 | TD 878 .T75 | 2019/024939 | 12245.00 | General circulation | leo |